Score 0/23 Timer 02:00
0 Plays Today
Clue 4-Letter Word % Correct
AdorableCUTE
97%
Silencer on your remoteMUTE
96.1%
Salmon or Mahi Mahi, e.g.FISH
95.8%
Clenched fingers for punchingFIST
95.1%
What Moses did to the Red SeaPART
93%
Umbilical ___CORD
92.2%
Wetter cousin to fogMIST
92.1%
A bit of flatulenceFART
91.6%
Jack of Clubs, e.g.CARD
90.4%
Big auto makerFORD
90.1%
Platter for serving meatDISH
89.5%
Have to do somethingMUST
89.2%
Clue 4-Letter Word % Correct
Put your car into a slotPARK
88.6%
Animal fat used for cookingLARD
88.2%
Before nowPAST
87.8%
Actors in a movieCAST
86.3%
A short fast footraceDASH
86%
Knox, Smith, or Collins, e.g.FORT
85.7%
Type of songbirdLARK
85.2%
'Knights of Cydonia' singersMUSE
83.4%
The other white meatPORK
83.1%
The BenjaminsCASH
79.6%
Type of steak tenderized with a malletCUBE
54.1%

Today's Daily Dose

Missing Word
'T' Pairs

Word Ladder
Game Pieces

Get the Picture
Baseball Movies

Remove Ads.
Support Sporcle.
Get the best of Sporcle when you Go Orange. This ad-free experience offers more features, more stats, and more fun while also helping to support Sporcle. Thank you for becoming a member.

You're not logged in!

Compare scores with friends on all Sporcle quizzes.
OR
Log In

Show Comments

Extras

Top Quizzes Today


Score Distribution

Your Account Isn't Verified!

In order to create a playlist on Sporcle, you need to verify the email address you used during registration. Go to your Sporcle Settings to finish the process.

Report this User

Report this user for behavior that violates our Community Guidelines.

Details: